Web Content Management: Systems Features and Best Practices (Record no. 229683)
[ view plain ]
| 000 -LEADER | |
|---|---|
| fixed length control field | 01407nam a22002297a 4500 |
| 005 - DATE AND TIME OF LATEST TRANSACTION | |
| control field | 20240127123607.0 |
| 008 - FIXED-LENGTH DATA ELEMENTS--GENERAL INFORMATION | |
| fixed length control field | 240125b ||||| |||| 00| 0 eng d |
| 020 ## - INTERNATIONAL STANDARD BOOK NUMBER | |
| International Standard Book Number | 9789352133666 |
| 040 ## - CATALOGING SOURCE | |
| Transcribing agency | AL |
| 041 ## - LANGUAGE CODE | |
| Language code of text/sound track or separate title | English |
| 082 ## - DEWEY DECIMAL CLASSIFICATION NUMBER | |
| Edition number | 23 |
| Classification number | 006.7 |
| Item number | BARW |
| 100 ## - MAIN ENTRY--PERSONAL NAME | |
| Personal name | Deane Barker |
| 100 ## - MAIN ENTRY--PERSONAL NAME | |
| 9 (RLIN) | 149260 |
| 245 ## - TITLE STATEMENT | |
| Title | Web Content Management: Systems Features and Best Practices |
| 260 ## - PUBLICATION, DISTRIBUTION, ETC. | |
| Place of publication, distribution, etc. | Mumbai |
| Name of publisher, distributor, etc. | Shroff Publishers and Distributors |
| Date of publication, distribution, etc. | 2016 |
| 300 ## - PHYSICAL DESCRIPTION | |
| Extent | xxii,352 p. |
| Other physical details | PB |
| Dimensions | 23x18 cm. |
| 365 ## - TRADE PRICE | |
| Price type code | 7388 |
| Price amount | ₹1200.00 |
| Currency code | ₹ |
| Unit of pricing | ₹1500.00 |
| Price note | 20% |
| Price effective from | 24-01-2024 |
| 520 ## - SUMMARY, ETC. | |
| Summary, etc. | Web Content Management Looking to select a web content management system (CMS), but confused about the promises, terminology, and buzzwords? Do you want to understand content management without having to dive into the underlying programming? This book provides a clear, unbiased overview of the entire web content management ecosystem, from platforms to implementations, without needing deeply technical knowledge. The information in "Web Content Management" will give you a foundation of understanding necessary to make better decisions about platforms, features, architectures, and implementation methods to ensure your project solves the right problems and positions your organizations for future success. |
| 650 ## - SUBJECT ADDED ENTRY--TOPICAL TERM | |
| Topical term or geographic name entry element | Web sites Design |
| 9 (RLIN) | 149187 |
| 650 ## - SUBJECT ADDED ENTRY--TOPICAL TERM | |
| Topical term or geographic name entry element | Web site Development |
| 9 (RLIN) | 149188 |
| 700 ## - ADDED ENTRY--PERSONAL NAME | |
| Personal name | BARKER (Deane) |
| 9 (RLIN) | 149189 |
| 942 ## - ADDED ENTRY ELEMENTS (KOHA) | |
| Source of classification or shelving scheme | Dewey Decimal Classification |
| Koha item type | Book |
| Withdrawn status | Lost status | Source of classification or shelving scheme | Damaged status | Not for loan | Collection code | Home library | Current library | Date acquired | Source of acquisition | Cost, normal purchase price | Total Checkouts | Full call number | Barcode | Date last seen | Cost, replacement price | Price effective from | Koha item type | Date last checked out |
|---|---|---|---|---|---|---|---|---|---|---|---|---|---|---|---|---|---|---|
| Dewey Decimal Classification | Computer Applications & Animation | St Aloysius Library | St Aloysius Library | 01/25/2024 | Biblios Book Point Surathkal Mangalore 575014 | 1200.00 | 006.7 BARW | 077056 | 01/25/2024 | 1500.00 | 01/25/2024 | Book | ||||||
| Dewey Decimal Classification | Computer Applications & Animation | St Aloysius Library | St Aloysius Library | 01/25/2024 | Biblios Book Point Surathkal Mangalore 575014 | 1200.00 | 3 | 006.7 BARW | 077057 | 12/10/2025 | 1500.00 | 01/25/2024 | Book | 12/09/2025 |